Sistema web de anuario de egresados y graduados para el programa de seguimiento a graduados de la Universidad Nacional de Ingeniería PSG-UNI.
Presenta el desarrollo e implementación de un Sistema Automatizado, para Anuario de Egresados y Graduados para el Programa de Seguimiento a Graduados de la Universidad Nacional de Ingeniería, que cuente con información de utilidad para profesionales o especialistas de las diferentes carreras de l...
| Main Author: | |
|---|---|
| Other Authors: | |
| Format: | Tesis Section = Libro |
| Language: | Undetermined Spanish |
| Published: |
Managua
UNI
2017
|
| Subjects: |
| LEADER | 01228nam a2200289Ia 4500 | ||
|---|---|---|---|
| 008 | 240830s9999 xx 000 0 und d | ||
| 040 | |a BIBLIOTECA-RUSB/ Mon 005.74 A694 | ||
| 041 | |a spa | ||
| 082 | |a Mon 005.74 A694 | ||
| 100 | 1 | |a Arguello Urbina, Rolando | |
| 245 | 1 | 0 | |a Sistema web de anuario de egresados y graduados para el programa de seguimiento a graduados de la Universidad Nacional de Ingeniería PSG-UNI. |
| 260 | |a Managua |b UNI |c 2017 | ||
| 300 | |a 91 p. :il. | ||
| 500 | |a Contiene: glosario y CD. | ||
| 502 | |a Tesis (Ingeniero en Computación) - UNI, 2017. | ||
| 520 | 3 | |a Presenta el desarrollo e implementación de un Sistema Automatizado, para Anuario de Egresados y Graduados para el Programa de Seguimiento a Graduados de la Universidad Nacional de Ingeniería, que cuente con información de utilidad para profesionales o especialistas de las diferentes carreras de la UNI. | |
| 650 | 7 | |a DESARROLLO DE SISTEMA WEB2 | |
| 650 | 7 | |b SITIO WEB | |
| 650 | 7 | |c BASES DE DATOS | |
| 650 | 7 | |d SERVIDOR WEB | |
| 650 | 7 | |e DESARROLLO DE SOFTWARE | |
| 650 | 7 | |f AUTOMATIZACION | |
| 650 | 7 | |g ANUARIO | |
| 700 | 1 | |a Tutor: |b Flores Quintana, Gloria Thalía | |
| 942 | |c BK |2 ddc | ||
| 991 | |a TESIS | ||
| 999 | |c 19755 | ||